Top 10 państw z największą liczba wygranych bitew - Statystyki

Ogólne statystyki
  • Ten quiz został rozwiązany 16 razy
  • Średni wynik to 9 z 10
Statystyki odpowiedzi
Hint Odpowiedź % Poprawnych
344 Polska
100%
491 Rosja
100%
833 Stany Zjednoczone
100%
425 Niemcy
88%
210 Turcja
88%
1105 Wielka Brytania
88%
244 Chiny
81%
1115 Francja
81%
387 Hiszpania
81%
259 Włochy
81%
Nie znaleziono quizów pasujących do podanych kryteriów
Rozkład punktacji
Procent ludzi z każdym wynikiem
Percentyl według liczby udzielonych odpowiedzi
Twoja historia wyników
Nie rozwiązałeś tego quizu